00611nam a2200169 a 4500001000500000005001700005008004100022020001800063050003500081100002000116245003200136260003500168300003000203440003700233520014100270650003000411068620140414132143.0040927s19uu xx 00 eng d a0-439-04589-4 aKIT (LCER) 636.088'7bC41 1999 aChessen, Betsey aPet care /cBetsey Chessen. aNew York :bScholastic,c1999. a1 v. (unp.) : ill. ; cm. aLearning center emergent readers aPhotographs and simple text show ways to keep a various pets happy and healthy, including their feeding, washing grooming, and training. aPetsxJuvenile liteature.